| 000 | 00439nam a22001697a 4500 | ||
|---|---|---|---|
| 003 | NUST - PNEC | ||
| 005 | 20170116180905.0 | ||
| 008 | 150902b xxu||||| |||| 00| 0 eng d | ||
| 020 | _a0070185565 | ||
| 040 | _cLIBRARY | ||
| 082 | _a620.105 DYM | ||
| 100 |
_96577 _a Dym, Clive L |
||
| 245 |
_aSolid mechanics: a variational approach _cClive L,Dym |
||
| 260 | _cc 1973 | ||
| 650 |
_96578 _aCalculus of variations _xME |
||
| 942 |
_2ddc _cBK |
||
| 999 |
_c65065 _d65065 |
||